000 00526nam a2200229Ia 4500
003 IT-RoPAU
008 120407s9999 xx 000 0 und d
040 _aIT-RoPAU
040 _cIT-RoPAU
041 _aesp
041 _blat
100 _aCarmelo Beellester Nieto
245 _aEl Nuevo Testamento de nuestro Senor Jesu Cristo en latin y castellano
250 _aTournai
260 _aDasclée
260 _c 1936
300 _a1299200 p.
300 _c17,5 cm
490 _v1
942 _cBK
999 _c25138
_d25138